[Event "AUTO-INT-2872"]
[Site "http://www.queenalice.com/game.php?id=1290277"]
[Date "2014.6.24"]
[Round "1"]
[White "ksal"]
[Black "marreta7"]
[Result "0-1"]
[WhiteElo "1692"]
[BlackElo "1636"]

1. e4 e5 2. Nf3 Nc6 3. Bc4 h6 4. O-O a6 5. c3 Nf6 6. d4 Bd6 7. dxe5 Bxe5 8. Bd5
O-O 9. Bxc6 dxc6 10. Qxd8 Rxd8 11. Nxe5 Nxe4 12. Re1 Bf5 13. f3 Nf6 14. Na3 Re8
15. Be3 Rxe5 16. Nc4 Re6 17. Bf4 Rxe1+ 18. Rxe1 Rc8 19. Be5 Re8 20. g4 Bd3 21.
Bxf6 Rxe1+ 22. Kg2 Bxc4 23. b3 gxf6 24. bxc4 Re2+ 25. Kg3 Rxa2 26. h4 Rc2 27.
Kf4 Rxc3 28. c5 a5 29. Kf5 Rxf3+ 30. Ke4 Rf1 31. g5 fxg5 32. hxg5 hxg5 33. Ke5
a4 34. Kd4 a3 35. Ke5 a2 36. Ke4 a1=Q 37. Ke3 Qa4 38. Ke2 Qf4 0-1

[Event "AUTO-INT-2872"]
[Site "http://www.queenalice.com/game.php?id=1290290"]
[Date "2014.6.24"]
[Round "1"]
[White "TITAN10"]
[Black "ksal"]
[Result "1-0"]
[WhiteElo "1744"]
[BlackElo "1651"]

1. e4 e5 2. Nf3 Nc6 3. Bb5 Nf6 4. O-O Bc5 5. h3 Nxe4 6. Qe2 Bxf2+ 7. Rxf2 Nxf2
8. Qxf2 a6 9. Ba4 b5 10. Bb3 O-O 11. d3 Nb4 12. a3 Nc6 13. Bg5 Qe8 14. Nbd2 h6
15. Bh4 g5 16. Bg3 d6 17. Re1 g4 18. hxg4 a5 19. Bd5 Bxg4 20. Nh2 h5 21. Nxg4
hxg4 22. Ne4 Qe7 23. Bxc6 Rab8 24. Nc3 b4 25. Nd5 Qe6 26. Nf6+ Kg7 27. Nd7 Rh8
28. Nxb8 Rxb8 29. axb4 Rxb4 30. b3 f5 31. Rf1 f4 32. Bxf4 exf4 33. Qh4 f3 34.
Qg5+ Qg6 35. Qxg6+ Kxg6 36. gxf3 gxf3 37. Rxf3 Rg4+ 38. Kf2 Kh5 39. Rf7 a4 40.
bxa4 Rh4 41. Rh7+ Kg4 42. Rxh4+ Kxh4 43. a5 Kg5 44. a6 Kf6 45. a7 Ke5 46. a8=Q
Kd4 47. Qb7 Kc3 48. Qxc7 Kxc2 49. Qxd6 1-0

[Event "AUTO-INT-2872"]
[Site "http://www.queenalice.com/game.php?id=1290291"]
[Date "2014.6.24"]
[Round "1"]
[White "ksal"]
[Black "TITAN10"]
[Result "0-1"]
[WhiteElo "1554"]
[BlackElo "1828"]

1. e4 c5 2. Bc4 d6 3. Nf3 Nc6 4. Ng5 e6 5. d3 h6 6. Nf3 Nf6 7. O-O Be7 8. Bb5 a6
9. Bxc6+ bxc6 10. Nc3 O-O 11. e5 Nh7 12. exd6 Bxd6 13. d4 Bb7 14. dxc5 Bxc5 15.
Qxd8 Rfxd8 16. a3 Be7 17. Ne4 c5 18. Nc3 Bf6 19. Be3 c4 20. Bb6 Rd7 21. Rfd1 Bd5
22. Ra2 Rb8 23. Be3 Rbd8 24. Bb6 Rc8 25. Nd2 Rb7 26. Be3 Rcb8 27. Na4 Bc6 28.
Nc5 Rxb2 29. Rxb2 Rxb2 30. Nxa6 Bd5 31. h3 Rxc2 32. Rb1 g5 33. Nb4 Rb2 34. Rxb2
Bxb2 35. a4 Nf6 36. a5 c3 37. Nb1 Be4 38. Nd2 Bg6 39. Nc4 Nd5 40. Nxd5 exd5 41.
Nb6 d4 42. Bxd4 Ba1 43. Bxc3 Bxc3 44. a6 Be4 45. Kh2 Bd4 46. Nc4 Bxf2 47. Nd2
Ba8 48. Nc4 Kf8 0-1

[Event "AUTO-INT-2810"]
[Site "http://www.queenalice.com/game.php?id=1296958"]
[Date "2014.7.24"]
[Round "2"]
[White "ksal"]
[Black "Mighty_Manu"]
[Result "0-1"]
[WhiteElo "1621"]
[BlackElo "1607"]

1. e4 c5 2. Bc4 e6 3. Nf3 d5 4. exd5 exd5 5. Qe2+ Be7 6. Bb5+ Bd7 7. O-O a6 8.
Bxd7+ Nxd7 9. d4 c4 10. Nc3 Nb6 11. Bg5 f6 12. Bf4 g5 13. Bd2 Qc7 14. b3 O-O-O
15. bxc4 dxc4 16. Be3 Nh6 17. d5 Nxd5 18. Nd4 Rd6 19. Qh5 Nxc3 0-1

[Event "AUTO-INT-2810"]
[Site "http://www.queenalice.com/game.php?id=1296959"]
[Date "2014.7.24"]
[Round "2"]
[White "Mighty_Manu"]
[Black "ksal"]
[Result "1-0"]
[WhiteElo "1589"]
[BlackElo "1639"]

1. c4 e5 2. Nf3 Nc6 3. d4 exd4 4. Nxd4 Nb4 5. a3 Nc6 6. Nxc6 bxc6 7. Nc3 Nf6 8.
e4 Bc5 9. Bd3 d6 10. O-O Ng4 11. h3 Nxf2 12. Qe2 Nxd3+ 13. Kh1 Nf2+ 14. Kh2 O-O
15. Be3 Bxe3 16. Qxe3 Nxe4 17. Qxe4 Bb7 18. Rf2 d5 19. Qd3 1-0

[Event "AUTO-INT-2807"]
[Site "http://www.queenalice.com/game.php?id=1298882"]
[Date "2014.8.2"]
[Round "2"]
[White "francksc"]
[Black "ksal"]
[Result "1-0"]
[WhiteElo "1680"]
[BlackElo "1536"]

1. d4 d5 2. Nf3 Bf5 3. e3 Nc6 4. Bb5 a6 5. Bxc6+ bxc6 6. Ne5 Qd6 7. O-O f6 8.
Nf3 c5 9. b3 cxd4 10. exd4 Bg4 11. Ba3 Qd7 12. Nc3 Bxf3 13. Qxf3 g5 14. Nxd5 Rc8
15. Rfe1 c6 16. Nxf6+ 1-0

[Event "AUTO-INT-2807"]
[Site "http://www.queenalice.com/game.php?id=1298883"]
[Date "2014.8.2"]
[Round "2"]
[White "ksal"]
[Black "francksc"]
[Result "0-1"]
[WhiteElo "1547"]
[BlackElo "1669"]

1. e4 d5 2. exd5 Qxd5 3. Nc3 Qd8 4. Bb5+ c6 5. Bc4 e6 6. Nf3 b5 7. Bb3 Nf6 8.
O-O Bc5 9. h3 O-O 10. d4 Bb6 11. Bg5 b4 12. Bxf6 Qxf6 13. Ne4 Qf4 14. Qe1 Bc7
15. Ng3 Nd7 16. Ba4 Bb7 0-1

[Event "AUTO-ADV-3206"]
[Site "http://www.queenalice.com/game.php?id=1298916"]
[Date "2014.8.2"]
[Round "1"]
[White "ksal"]
[Black "rpalmero"]
[Result "0-1"]
[WhiteElo "1681"]
[BlackElo "1982"]

1. e4 c5 2. Bc4 e6 3. Nf3 Nc6 4. O-O Qc7 5. d3 a6 6. g3 b5 7. Bb3 Bb7 8. Be3 Nf6
9. a4 b4 10. Nbd2 Ne5 11. Nh4 h6 12. c3 Nxd3 13. Qc2 bxc3 0-1

[Event "AUTO-ADV-3206"]
[Site "http://www.queenalice.com/game.php?id=1298917"]
[Date "2014.8.2"]
[Round "1"]
[White "rpalmero"]
[Black "ksal"]
[Result "1-0"]
[WhiteElo "1986"]
[BlackElo "1677"]

1. c4 e5 2. Nc3 Nf6 3. e3 Bc5 4. a3 d6 5. Qc2 O-O 6. b4 Bb6 7. Nf3 d5 8. cxd5
Nxd5 9. Nxe5 Nxc3 10. Qxc3 f6 11. Bc4+ Kh8 12. Nf7+ Rxf7 13. Bxf7 c6 14. Bb2 1-0

[Event "AUTO-OPEN-3301"]
[Site "http://www.queenalice.com/game.php?id=1298998"]
[Date "2014.8.3"]
[Round "1"]
[White "ksal"]
[Black "FromentPierre"]
[Result "0-1"]
[WhiteElo "1726"]
[BlackElo "1534"]

1. e4 e6 2. e5 d5 3. Nf3 Bd7 4. Bd3 c5 5. O-O a6 6. Nc3 Nc6 7. Na4 b5 8. Nc3 Nb4
9. a3 Nxd3 10. cxd3 d4 11. Ne4 Bc6 12. Neg5 h6 13. Nh3 Ne7 14. b4 Ng6 15. bxc5
Bxc5 16. Bb2 O-O 17. Qc1 Bxf3 18. gxf3 Bb6 19. f4 Rc8 20. Qd1 Ne7 21. Qf3 Qd7
22. Qe4 Nf5 23. Rac1 Rxc1 24. Bxc1 Rc8 25. f3 Qc6 0-1

[Event "AUTO-OPEN-3301"]
[Site "http://www.queenalice.com/game.php?id=1298999"]
[Date "2014.8.3"]
[Round "1"]
[White "FromentPierre"]
[Black "ksal"]
[Result "0-1"]
[WhiteElo "1100"]
[BlackElo "1700"]

1. Nf3 Nc6 2. d4 d5 3. h3 Bf5 4. a3 Nf6 5. Bf4 e6 6. e3 Be7 7. c4 dxc4 8. Bxc4
h6 9. O-O Na5 10. Ba2 g5 11. Nc3 O-O 12. Rc1 g4 13. Qd2 gxf3 0-1

[Event "AUTO-OPEN-3301"]
[Site "http://www.queenalice.com/game.php?id=1299000"]
[Date "2014.8.3"]
[Round "1"]
[White "ksal"]
[Black "goldenboy"]
[Result "0-1"]
[WhiteElo "1728"]
[BlackElo "2110"]

1. e4 e5 2. Nf3 Nc6 3. Bc4 Bc5 4. d3 d6 5. Ng5 Nh6 6. O-O Qf6 7. Nf3 Bg4 8. h3
Bxf3 9. Qxf3 Qxf3 10. gxf3 Nd4 11. Nc3 Nxf3+ 12. Kg2 Nd4 13. Bxh6 gxh6 14. Nd5
O-O-O 15. Ne7+ Kb8 16. Bxf7 Rd7 17. Ng8 Rxf7 18. Nxh6 Rg7+ 19. Kh2 Nxc2 20. Rac1
Nb4 0-1

[Event "AUTO-OPEN-3301"]
[Site "http://www.queenalice.com/game.php?id=1299001"]
[Date "2014.8.3"]
[Round "1"]
[White "goldenboy"]
[Black "ksal"]
[Result "1-0"]
[WhiteElo "2109"]
[BlackElo "1730"]

1. e4 e5 2. f4 exf4 3. Nf3 Bc5 4. d4 Bb4+ 5. c3 Bd6 6. e5 Qe7 7. Be2 Bxe5 8.
dxe5 g5 9. O-O d6 10. exd6 cxd6 11. Bb5+ Bd7 12. Re1 Bxb5 13. Rxe7+ Nxe7 14.
Nxg5 h6 15. Nxf7 Kxf7 16. Qh5+ Ke6 17. Qxb5 b6 18. Bxf4 Nd5 19. Qe2+ Kd7 20.
Qg4+ Kc6 21. Qf3 1-0